000 00475pab a2200181 454500
008 180718b2007 xxu||||| |||| 00| 0 eng d
100 _aMigone, Andrea
245 _aHedonistic consumerism: patterns of consumption in contemporary capitalism
260 _c2007
300 _ap.173-200.
362 _aSpring
650 _aConsumption
650 _aCapitalism
650 _aConsumers
773 _aReview of Radical Political Economics
908 _aN
909 _a74783
999 _c74783
_d74783